Chinas' gambit: (Record no. 761026)

MARC details
000 -LEADER
fixed length control field 00376nam a22001337a 4500
020 ## - INTERNATIONAL STANDARD BOOK NUMBER
ISBN 9781009423786
082 ## - DEWEY DECIMAL CLASSIFICATION NUMBER
Classification number 327.51 ZHA/C
100 ## - MAIN ENTRY--AUTHOR NAME
Personal name Zhang, Ketian
245 ## - TITLE STATEMENT
Title Chinas' gambit:
Sub Title the calculus of Coercion/
Statement of responsibility, etc by Ketian Zhang
260 ## - PUBLICATION, DISTRIBUTION, ETC. (IMPRINT)
Place of publication . - U K
Name of publisher : Cambridge University press
Year of publication , 2024
300 ## - PHYSICAL DESCRIPTION
Number of Pages xiv+231 pages
942 ## - ADDED ENTRY ELEMENTS (KOHA)
Source of classification or shelving scheme Dewey Decimal Classification
Koha item type Reference
Holdings
Withdrawn status Lost status Source of classification or shelving scheme Damaged status Not for loan Home Library Current Location Shelving location Date acquired Full call number Accession Number Price effective from Koha item type
    Dewey Decimal Classification     Dept. of Political Science Dept. of Political Science Reference 27/01/2026 327.51 ZHA/C POL23889 24/06/2026 Reference